000 00658nam a2200205 a 4500
005 20250115063758.0
008 020211s1996 r 000 0 eng d
020 _a9686190716
035 _aUPN01000115967
049 _aCG
050 4 _aLC191.8 M6
_bT6.2
100 1 _aTodd, Luis Eugenio
245 1 3 _aLa crisis :
_balgunos conceptos sobre educación, economía y política /
_cLuis Eugenio Todd.
260 _aMéxico :
_bUniversidad de Colima,
_c1996.
300 _a149 p.
650 4 _aEducación
_xAspectos sociales
_zMéxico
_99024
650 4 _aEducación
_xAspectos económicos
_zMéxico
_95231
650 4 _aEducación y Estado
_919
905 _aLibro
999 _c88875
_d88875